[Event "23. Open Cappelle la Grande 2007"]
[Site "Cappelle la Grande FRA"]
[Date "2007.03.04"]
[Round "3.16"]
[White "Kryvoruchko, Yuriy"]
[Black "Bauduin, Etienne"]
[Result "1-0"]
[WhiteElo "2592"]
[BlackElo "2285"]
[PlyCount "93"]
[EventDate "2007.03.03"]
[EventType "swiss"]
[EventRounds "9"]
[EventCountry "FRA"]
[Source "lmi"]
[SourceDate "2007.03.03"]

1. e4 e6 2. d4 d5 3. Nd2 c5 4. Ngf3 Nf6 5. exd5 exd5 6. Bb5+ Bd7 7. Qe2+ Be7 8.
dxc5 O-O 9. Nb3 Re8 10. Be3 a6 11. Bd3 Ba4 12. Nfd4 Nbd7 13. O-O-O Bxb3 14.
Nxb3 Nxc5 15. Qf3 Nxb3+ 16. axb3 Qa5 17. Kb1 Bc5 18. Rhe1 Bxe3 19. Rxe3 Rxe3
20. Qxe3 Re8 21. Qf4 Re1 22. Qc1 Rxd1 23. Qxd1 g6 24. Qe2 Qb4 25. f3 Qd6 26. g3
h5 27. f4 Kf8 28. Qe3 Qe7 29. Qb6 Ne4 30. Qd4 Nf6 31. Ka2 Qd6 32. b4 b5 33. Kb3
Qe6 34. Ka3 Ne4 35. c3 Nd6 36. Ka2 Kg8 37. h3 Nc4 38. g4 hxg4 39. hxg4 Qxg4 40.
Qxd5 Qxf4 41. Qa8+ Kg7 42. Qxa6 g5 43. Qxb5 Nd2 44. Qf5 Qe3 45. b3 Nf3 46. Be4
Ne1 47. Qe5+ 1-0

[Event "23. Open Cappelle la Grande 2007"]
[Site "Cappelle la Grande FRA"]
[Date "2007.03.04"]
[Round "3.18"]
[White "Friedel, Joshua E"]
[Black "Cyborowski, Lukasz"]
[Result "1-0"]
[WhiteElo "2466"]
[BlackElo "2580"]
[PlyCount "69"]
[EventDate "2007.03.03"]
[EventType "swiss"]
[EventRounds "9"]
[EventCountry "FRA"]
[Source "lmi"]
[SourceDate "2007.03.03"]

1. e4 c6 2. d4 d5 3. exd5 cxd5 4. c4 Nf6 5. Nc3 e6 6. Nf3 Bb4 7. cxd5 Nxd5 8.
Qc2 Qc7 9. Bd2 Nd7 10. Bd3 Bxc3 11. bxc3 N5f6 12. O-O b6 13. Rae1 Bb7 14. Ne5
Nxe5 15. Rxe5 Rc8 16. Rfe1 Ng4 17. Rh5 h6 18. Rh3 h5 19. c4 b5 20. c5 a6 21. a4
Bc6 22. axb5 axb5 23. Qb2 Kf8 24. Rg3 Nf6 25. d5 Bxd5 26. Bc3 Rh6 27. Qd2 Ke7
28. Rxg7 Rch8 29. Qg5 Qxc5 30. Rc1 Qa3 31. Bxf6+ Rxf6 32. Rxf7+ Kxf7 33. Rc7+
Qe7 34. Rxe7+ Kxe7 35. Qg7+ 1-0

[Event "23. Open Cappelle la Grande 2007"]
[Site "Cappelle la Grande FRA"]
[Date "2007.03.04"]
[Round "3.19"]
[White "Wirig, Anthony"]
[Black "Timoshenko, Georgy"]
[Result "1-0"]
[WhiteElo "2433"]
[BlackElo "2563"]
[PlyCount "31"]
[EventDate "2007.03.03"]
[EventType "swiss"]
[EventRounds "9"]
[EventCountry "FRA"]
[Source "lmi"]
[SourceDate "2007.03.03"]

1. d4 Nf6 2. Nf3 e6 3. c4 b6 4. g3 Bb7 5. Bg2 Be7 6. O-O O-O 7. Nc3 Ne4 8. Bd2
f5 9. d5 Bf6 10. Qc2 Na6 11. Nxe4 fxe4 12. Qxe4 Bxb2 13. Ng5 g6 14. Qh4 Qe7 15.
Rab1 Bf6 16. d6 1-0

[Event "23. Open Cappelle la Grande 2007"]
[Site "Cappelle la Grande FRA"]
[Date "2007.03.05"]
[Round "4.2"]
[White "Pruess, David"]
[Black "Miroshnichenko, Evgenij"]
[Result "0-1"]
[WhiteElo "2416"]
[BlackElo "2632"]
[PlyCount "138"]
[EventDate "2007.03.03"]
[EventType "swiss"]
[EventRounds "9"]
[EventCountry "FRA"]
[Source "lmi"]
[SourceDate "2007.03.03"]

1. e4 c5 2. Nf3 d6 3. d4 cxd4 4. Nxd4 Nf6 5. Nc3 Nc6 6. Bg5 e6 7. Qd2 Be7 8.
O-O-O Nxd4 9. Qxd4 O-O 10. f4 Qa5 11. h4 Rd8 12. Bc4 Bd7 13. e5 dxe5 14. fxe5
Bc6 15. Qf4 Rxd1+ 16. Rxd1 Nh5 17. Qg4 Bxg5+ 18. Qxg5 g6 19. Be2 h6 20. Qe3 Ng7
21. g4 Ne8 22. Bf3 Bxf3 23. Qxf3 Qxe5 24. Qxb7 Qf4+ 25. Kb1 Rb8 26. Qxa7 Qb4
27. b3 Rc8 28. Na4 Qxg4 29. Qd7 Qe2 30. Rd2 Qf1+ 31. Kb2 Rb8 32. Qa7 Qf4 33.
Rd7 Qf6+ 34. c3 Rd8 35. b4 Nd6 36. Qd4 e5 37. Rxd8+ Qxd8 38. Qd5 e4 39. c4 e3
40. Nc3 Qe7 41. c5 Nb5 42. Ne2 Qxh4 43. Kb3 Qe1 44. Qd3 Qxe2 45. Qxe2 Nd4+ 46.
Kc4 Nxe2 47. c6 Nf4 48. c7 e2 49. c8=Q+ Kg7 50. Qc7 e1=Q 51. Qxf4 Qe6+ 52. Kc5
Qe7+ 53. Kc6 Qe8+ 54. Kc5 Qc8+ 55. Kb6 Qd8+ 56. Kc5 g5 57. Qe4 Qc7+ 58. Kd4
Qa7+ 59. Kd3 Qa3+ 60. Ke2 Qxa2+ 61. Kf3 Qb3+ 62. Kg2 Qb2+ 63. Kg1 h5 64. Qd5
Qc1+ 65. Kg2 Qf4 66. b5 h4 67. b6 g4 68. b7 h3+ 69. Kh1 g3 0-1

[Event "23. Open Cappelle la Grande 2007"]
[Site "Cappelle la Grande FRA"]
[Date "2007.03.05"]
[Round "4.3"]
[White "Dubois, Jean-Marie"]
[Black "Vorobiov, Evgeny E"]
[Result "0-1"]
[WhiteElo "2242"]
[BlackElo "2563"]
[PlyCount "80"]
[EventDate "2007.03.03"]
[EventType "swiss"]
[EventRounds "9"]
[EventCountry "FRA"]
[Source "lmi"]
[SourceDate "2007.03.03"]

1. e4 c5 2. d4 cxd4 3. c3 dxc3 4. Nxc3 Nc6 5. Nf3 e6 6. Bc4 Qc7 7. O-O Nf6 8.
Nb5 Qb8 9. e5 Ng4 10. Bf4 a6 11. Nd6+ Bxd6 12. exd6 b5 13. Nd4 Nxd4 14. Qxd4
O-O 15. Be2 Nf6 16. Bf3 Bb7 17. Bg5 Nd5 18. Bxd5 Bxd5 19. Be7 Rc8 20. b3 Rc6
21. Qf4 Qe8 22. Rae1 f5 23. Re3 Qf7 24. Rg3 Kh8 25. Qd4 Rg8 26. Rh3 Qg6 27. Rg3
Qh5 28. f3 h6 29. Qa7 Qe8 30. Qd4 Kh7 31. Rd1 Rc2 32. Qe5 Qc8 33. h4 Rxa2 34.
Kh2 Bxb3 35. Rd3 Qc4 36. f4 Rf2 37. Rxb3 Rxf4 38. Rbc3 Qb4 39. Rc8 Rg4 40. Rgc3
Qb2 0-1

[Event "23. Open Cappelle la Grande 2007"]
[Site "Cappelle la Grande FRA"]
[Date "2007.03.05"]
[Round "4.4"]
[White "Gashimov, Vugar"]
[Black "Sumets, Andrey"]
[Result "1-0"]
[WhiteElo "2658"]
[BlackElo "2533"]
[PlyCount "97"]
[EventDate "2007.03.03"]
[EventType "swiss"]
[EventRounds "9"]
[EventCountry "FRA"]
[Source "lmi"]
[SourceDate "2007.03.03"]

1. e4 e6 2. d4 d5 3. Nc3 dxe4 4. Nxe4 Nd7 5. Nf3 Ngf6 6. Nxf6+ Nxf6 7. c3 c5 8.
Ne5 a6 9. Be3 Qc7 10. Qa4+ Nd7 11. O-O-O cxd4 12. Nxd7 Bxd7 13. Qxd4 e5 14. Qb6
Qxb6 15. Bxb6 Rc8 16. Be2 Bc5 17. Bxc5 Rxc5 18. Bf3 Rc7 19. Rd6 Ke7 20. Rb6 Rb8
21. Re1 f6 22. Re4 Rc6 23. Reb4 Rxb6 24. Rxb6 Bc8 25. a4 a5 26. b4 axb4 27.
cxb4 Kd7 28. a5 Kc7 29. Kb2 f5 30. Bd5 Ra8 31. Kc3 Ra6 32. Rxa6 bxa6 33. Kc4
Kd6 34. Bg8 h6 35. b5 Bb7 36. g3 f4 37. Kb4 axb5 38. Kxb5 g5 39. a6 Bxa6+ 40.
Kxa6 Kc5 41. gxf4 gxf4 42. Bh7 Kd4 43. f3 Ke3 44. Be4 Kf2 45. Kb5 Kg2 46. h4 h5
47. Kc5 Kg3 48. Kd5 Kxh4 49. Bg6 1-0

[Event "23. Open Cappelle la Grande 2007"]
[Site "Cappelle la Grande FRA"]
[Date "2007.03.05"]
[Round "4.8"]
[White "Maletin, Pavel"]
[Black "Landa, Konstantin"]
[Result "1/2-1/2"]
[WhiteElo "2527"]
[BlackElo "2596"]
[PlyCount "38"]
[EventDate "2007.03.03"]
[EventType "swiss"]
[EventRounds "9"]
[EventCountry "FRA"]
[Source "lmi"]
[SourceDate "2007.03.03"]

1. Nf3 c5 2. c4 Nc6 3. Nc3 e5 4. e3 Nf6 5. Be2 d5 6. d4 e4 7. Ne5 dxc4 8. Qa4
cxd4 9. exd4 Qa5 10. Qxa5 Nxa5 11. Bd2 Bd7 12. Nxd7 Kxd7 13. O-O Bb4 14. Rad1
b6 15. Nxe4 Bxd2 16. Nxd2 Rac8 17. Rc1 b5 18. b3 Rhe8 19. Rfe1 Kd6 1/2-1/2

[Event "23. Open Cappelle la Grande 2007"]
[Site "Cappelle la Grande FRA"]
[Date "2007.03.05"]
[Round "4.9"]
[White "Grigoriants, Sergey"]
[Black "Naumkin, Igor"]
[Result "1-0"]
[WhiteElo "2592"]
[BlackElo "2510"]
[PlyCount "55"]
[EventDate "2007.03.03"]
[EventType "swiss"]
[EventRounds "9"]
[EventCountry "FRA"]
[Source "lmi"]
[SourceDate "2007.03.03"]

1. e4 e5 2. Nf3 Nc6 3. Bb5 a6 4. Ba4 Nf6 5. O-O Nxe4 6. d4 b5 7. Bb3 d5 8. dxe5
Be6 9. Be3 Be7 10. c3 Qd7 11. Nbd2 Nc5 12. Bc2 Bg4 13. Re1 Ne6 14. h3 Bh5 15.
Qb1 Bg6 16. Nb3 O-O 17. Bf5 Ncd8 18. Rd1 a5 19. Nbd4 c5 20. Ne2 Ra7 21. Bxg6
fxg6 22. Qd3 Rxf3 23. gxf3 Nc7 24. Nf4 Nf7 25. e6 Nxe6 26. Qxd5 Qxd5 27. Rxd5
Nc7 28. Rd7 1-0

[Event "23. Open Cappelle la Grande 2007"]
[Site "Cappelle la Grande FRA"]
[Date "2007.03.05"]
[Round "4.10"]
[White "Ionov, Sergey"]
[Black "Kryvoruchko, Yuriy"]
[Result "1/2-1/2"]
[WhiteElo "2522"]
[BlackElo "2592"]
[PlyCount "33"]
[EventDate "2007.03.03"]
[EventType "swiss"]
[EventRounds "9"]
[EventCountry "FRA"]
[Source "lmi"]
[SourceDate "2007.03.03"]

1. Nf3 c5 2. g3 Nc6 3. c4 Nf6 4. Nc3 d5 5. d4 e6 6. cxd5 Nxd5 7. Bg2 Ndb4 8. e3
cxd4 9. exd4 Nxd4 10. O-O Nxf3+ 11. Qxf3 Be7 12. Rd1 Qa5 13. a3 Nc6 14. Bf4 O-O
15. b4 Qf5 16. b5 Ne5 17. Qe4 1/2-1/2

[Event "23. Open Cappelle la Grande 2007"]
[Site "Cappelle la Grande FRA"]
[Date "2007.03.05"]
[Round "4.11"]
[White "Sokolov, Andrei"]
[Black "Moroz, Alexander"]
[Result "1/2-1/2"]
[WhiteElo "2585"]
[BlackElo "2507"]
[PlyCount "29"]
[EventDate "2007.03.03"]
[EventType "swiss"]
[EventRounds "9"]
[EventCountry "FRA"]
[Source "lmi"]
[SourceDate "2007.03.03"]

1. e4 c5 2. Nf3 Nc6 3. d4 cxd4 4. Nxd4 e5 5. Nb5 d6 6. N1c3 a6 7. Na3 b5 8. Nd5
Be7 9. Be3 Rb8 10. Nb1 Nf6 11. Nbc3 O-O 12. Be2 Nxd5 13. Nxd5 Bg5 14. O-O Bxe3
15. Nxe3 1/2-1/2

[Event "23. Open Cappelle la Grande 2007"]
[Site "Cappelle la Grande FRA"]
[Date "2007.03.05"]
[Round "4.12"]
[White "Erdos, Viktor"]
[Black "Burmakin, Vladimir"]
[Result "1/2-1/2"]
[WhiteElo "2518"]
[BlackElo "2568"]
[PlyCount "91"]
[EventDate "2007.03.03"]
[EventType "swiss"]
[EventRounds "9"]
[EventCountry "FRA"]
[Source "lmi"]
[SourceDate "2007.03.03"]

1. d4 d5 2. c4 c6 3. Nf3 Nf6 4. Nc3 a6 5. c5 Nbd7 6. Bf4 g6 7. e3 Bg7 8. h3 O-O
9. Rc1 Ne8 10. b4 Nc7 11. Be2 Re8 12. O-O Nb5 13. a4 Nxc3 14. Rxc3 e5 15. dxe5
Nxe5 16. Nd4 Qf6 17. Bg3 Nd7 18. Bd6 Nf8 19. Rb3 Ne6 20. Nf3 Ng5 21. Nxg5 Qxg5
22. Bf4 Qf6 23. b5 axb5 24. axb5 Bf8 25. Qc1 Ra2 26. Bd3 Bf5 27. Bxf5 Qxf5 28.
Qb1 Qxb1 29. Rfxb1 Bxc5 30. bxc6 bxc6 31. Rc3 Ba7 32. Rxc6 d4 33. exd4 Bxd4 34.
Bg3 Ree2 35. Rf1 Kg7 36. Rcc1 g5 37. Rce1 Rxe1 38. Rxe1 Kg6 39. Rd1 Ra4 40. Kf1
h5 41. f3 h4 42. Bf2 Bc3 43. g3 hxg3 44. Bxg3 f6 45. Rc1 Ra3 46. Rc2 1/2-1/2

[Event "23. Open Cappelle la Grande 2007"]
[Site "Cappelle la Grande FRA"]
[Date "2007.03.05"]
[Round "4.13"]
[White "Zinchenko, Yaroslav"]
[Black "Drozdovskij, Yuri"]
[Result "1/2-1/2"]
[WhiteElo "2507"]
[BlackElo "2562"]
[PlyCount "37"]
[EventDate "2007.03.03"]
[EventType "swiss"]
[EventRounds "9"]
[EventCountry "FRA"]
[Source "lmi"]
[SourceDate "2007.03.03"]

1. e4 e6 2. d4 d5 3. Nc3 Nc6 4. Nf3 Nf6 5. Bd3 Bb4 6. e5 Ne4 7. Bd2 Nxd2 8.
Qxd2 f6 9. exf6 Qxf6 10. O-O O-O 11. a3 Bd6 12. Rae1 Bf4 13. Qd1 Bd7 14. Ne2
Bd6 15. Ng3 Rae8 16. c3 h6 17. Nh5 Qf7 18. Ng3 Qf6 19. Nh5 1/2-1/2

[Event "23. Open Cappelle la Grande 2007"]
[Site "Cappelle la Grande FRA"]
[Date "2007.03.05"]
[Round "4.15"]
[White "Petrosian, Suren"]
[Black "Jedynak, Radoslaw"]
[Result "1-0"]
[WhiteElo "2391"]
[BlackElo "2554"]
[PlyCount "112"]
[EventDate "2007.03.03"]
[EventType "swiss"]
[EventRounds "9"]
[EventCountry "FRA"]
[Source "lmi"]
[SourceDate "2007.03.03"]

1. e4 c5 2. Nf3 d6 3. d4 cxd4 4. Nxd4 Nf6 5. Nc3 a6 6. Be3 e5 7. Nb3 Be6 8. f4
exf4 9. Bxf4 Be7 10. Qe2 Nc6 11. h3 O-O 12. O-O-O Qc7 13. g4 Nd7 14. Kb1 b5 15.
g5 Rfe8 16. h4 Nce5 17. Nd5 Bxd5 18. exd5 a5 19. Qg2 a4 20. Nd4 b4 21. Rh3 Rec8
22. Nc6 Nxc6 23. dxc6 b3 24. cxb3 axb3 25. Rxb3 Nc5 26. Rb7 Qa5 27. Bc4 Ne6 28.
Bc1 Qf5+ 29. Bd3 Qa5 30. b3 Bf8 31. Rf1 Rxc6 32. Rb5 Qa6 33. a4 Rc3 34. Qe4 g6
35. Bb2 Rc7 36. Rxf7 Kxf7 37. Rf5+ gxf5 38. Qxf5+ Ke7 39. Bxa6 Rxa6 40. Bf6+
Kd7 41. Qxh7+ Kc8 42. Qf5 Kd7 43. h5 Rb6 44. Ka2 Rcb7 45. Qh7+ Kc6 46. Qe4+ Kd7
47. h6 Rb4 48. Qh7+ Kc6 49. Qc2+ Kd7 50. Qh7+ Kc6 51. Qe4+ Kd7 52. Qc2 Nc5 53.
h7 Rxb3 54. Qxb3 Rb4 55. Qc2 Ne6 56. Qe4 Rb6 1-0

[Event "23. Open Cappelle la Grande 2007"]
[Site "Cappelle la Grande FRA"]
[Date "2007.03.05"]
[Round "4.16"]
[White "Arutinian, David"]
[Black "Gutman, Gennadi"]
[Result "1/2-1/2"]
[WhiteElo "2552"]
[BlackElo "2490"]
[PlyCount "37"]
[EventDate "2007.03.03"]
[EventType "swiss"]
[EventRounds "9"]
[EventCountry "FRA"]
[Source "lmi"]
[SourceDate "2007.03.03"]

1. d4 Nf6 2. c4 g6 3. Nc3 Bg7 4. e4 d6 5. Nf3 O-O 6. h3 e5 7. d5 Na6 8. Bg5 Qe8
9. Be2 Nh5 10. g3 f5 11. exf5 gxf5 12. Nh4 Nf6 13. Qc2 e4 14. O-O-O Nd7 15. Ng2
Ne5 16. Be3 Nc5 17. Nf4 Na6 18. Ng2 Nb4 19. Qb3 1/2-1/2

[Event "23. Open Cappelle la Grande 2007"]
[Site "Cappelle la Grande FRA"]
[Date "2007.03.05"]
[Round "4.17"]
[White "Bobras, Piotr"]
[Black "Guliev, Sarhan"]
[Result "1-0"]
[WhiteElo "2542"]
[BlackElo "2486"]
[PlyCount "93"]
[EventDate "2007.03.03"]
[EventType "swiss"]
[EventRounds "9"]
[EventCountry "FRA"]
[Source "lmi"]
[SourceDate "2007.03.03"]

1. e4 e5 2. Nf3 Nc6 3. Bb5 a6 4. Ba4 Nf6 5. O-O Be7 6. Re1 d6 7. c3 Bd7 8. d4
O-O 9. Nbd2 Re8 10. Nf1 h6 11. Ng3 Bf8 12. h3 g6 13. Bc2 Bg7 14. Be3 Qe7 15.
Qd2 Kh7 16. Rad1 Rad8 17. b4 Bc8 18. d5 Nb8 19. c4 Nh5 20. Nxh5 gxh5 21. Kh2
Rg8 22. g3 Bf6 23. Bxh6 Rg6 24. Be3 Rdg8 25. Qe2 Nd7 26. Rg1 Nf8 27. c5 Kg7 28.
Bd3 Rh8 29. Rc1 Bg4 30. hxg4 hxg4+ 31. Kg2 gxf3+ 32. Qxf3 Bg5 33. Rh1 Rxh1 34.
Rxh1 Bxe3 35. Qxe3 Nh7 36. Be2 Ng5 37. Bg4 Rh6 38. Rxh6 Kxh6 39. Bc8 Qe8 40.
Bf5 Qa4 41. f4 Nh7 42. fxe5+ Ng5 43. exd6 cxd6 44. cxd6 Qxb4 45. d7 Qa5 46. Qd4
Qxa2+ 47. Kh1 1-0

[Event "23. Open Cappelle la Grande 2007"]
[Site "Cappelle la Grande FRA"]
[Date "2007.03.05"]
[Round "4.19"]
[White "Balogh, Csaba"]
[Black "Wirig, Anthony"]
[Result "1-0"]
[WhiteElo "2616"]
[BlackElo "2433"]
[PlyCount "74"]
[EventDate "2007.03.03"]
[EventType "swiss"]
[EventRounds "9"]
[EventCountry "FRA"]
[Source "lmi"]
[SourceDate "2007.03.03"]

1. e4 c5 2. Nf3 e6 3. d4 cxd4 4. Nxd4 a6 5. Bd3 Bc5 6. Nb3 Ba7 7. Qg4 Nf6 8.
Qg3 d6 9. Nc3 Nc6 10. Bg5 h6 11. Bd2 Nh5 12. Qf3 Qh4 13. g3 Ne5 14. Qe2 Qg4 15.
O-O-O Qf3 16. Qxf3 Nxf3 17. Be2 Nxd2 18. Nxd2 Nf6 19. Nc4 Bxf2 20. Nxd6+ Ke7
21. Rhf1 Be3+ 22. Kb1 Rf8 23. e5 Nd7 24. Nd5+ exd5 25. Nf5+ Ke6 26. Nxe3 Nb6
27. a4 a5 28. Nxd5 Nxd5 29. Bc4 Rd8 30. Rxd5 Rxd5 31. Rd1 Kxe5 32. Rxd5+ Ke4
33. Rd8 f5 34. Bd3+ Ke5 35. Re8+ Kf6 36. Bc4 g5 37. Kc1 h5 1-0

[Event "23. Open Cappelle la Grande 2007"]
[Site "Cappelle la Grande FRA"]
[Date "2007.03.06"]
[Round "5.3"]
[White "Gajewski, Grzegorz"]
[Black "Grigoriants, Sergey"]
[Result "1/2-1/2"]
[WhiteElo "2540"]
[BlackElo "2592"]
[PlyCount "43"]
[EventDate "2007.03.03"]
[EventType "swiss"]
[EventRounds "9"]
[EventCountry "FRA"]
[Source "lmi"]
[SourceDate "2007.03.03"]

1. d4 Nf6 2. c4 e6 3. Nf3 b6 4. g3 Ba6 5. b3 Bb4+ 6. Bd2 Be7 7. Bg2 c6 8. O-O
d5 9. Qc2 O-O 10. Rd1 Nbd7 11. Bf4 Rc8 12. Nc3 Nh5 13. Bc1 f5 14. a4 Qe8 15. e3
Nhf6 16. Ne2 Ne4 17. Nf4 Bd6 18. a5 b5 19. c5 Bc7 20. Nd3 g5 21. Nfe5 Bxe5 22.
Bf1 1/2-1/2

[Event "23. Open Cappelle la Grande 2007"]
[Site "Cappelle la Grande FRA"]
[Date "2007.03.06"]
[Round "5.4"]
[White "Vovk, Andrey"]
[Black "Bobras, Piotr"]
[Result "1/2-1/2"]
[WhiteElo "2487"]
[BlackElo "2542"]
[PlyCount "54"]
[EventDate "2007.03.03"]
[EventType "swiss"]
[EventRounds "9"]
[EventCountry "FRA"]
[Source "lmi"]
[SourceDate "2007.03.03"]

1. e4 e5 2. Nf3 Nc6 3. Bb5 a6 4. Ba4 Nf6 5. O-O Be7 6. d3 d6 7. c3 O-O 8. Nbd2
b5 9. Bc2 Bb7 10. a4 Re8 11. Re1 Bf8 12. Nf1 Nb8 13. Ng3 g6 14. axb5 axb5 15.
d4 Nbd7 16. dxe5 dxe5 17. Qe2 Bc6 18. Bd3 Qb8 19. b4 Bg7 20. Be3 Ng4 21. Bd2
Nf8 22. h3 Nf6 23. c4 Bd7 24. Nxe5 Ne6 25. Qe3 Nd4 26. Nxd7 Nb3 27. Rab1 Nxd7
1/2-1/2

[Event "23. Open Cappelle la Grande 2007"]
[Site "Cappelle la Grande FRA"]
[Date "2007.03.06"]
[Round "5.7"]
[White "Gutman, Gennadi"]
[Black "Balogh, Csaba"]
[Result "1/2-1/2"]
[WhiteElo "2490"]
[BlackElo "2616"]
[PlyCount "104"]
[EventDate "2007.03.03"]
[EventType "swiss"]
[EventRounds "9"]
[EventCountry "FRA"]
[Source "lmi"]
[SourceDate "2007.03.03"]

1. e4 c5 2. Nf3 e6 3. c3 d5 4. e5 d4 5. Bd3 Bd7 6. cxd4 cxd4 7. Nxd4 Qg5 8. Qe2
Nc6 9. Nxc6 Bxc6 10. Be4 Ne7 11. Nc3 Qxe5 12. d4 Qxd4 13. Be3 Qe5 14. Rd1 Bxe4
15. Bd4 Qa5 16. Qxe4 Nc6 17. O-O O-O-O 18. Be3 Bb4 19. Rxd8+ Rxd8 20. Qxh7 Bxc3
21. bxc3 Qxc3 22. h3 Kb8 23. Rc1 Qe5 24. Qh4 Ka8 25. Qa4 Qd5 26. Kh2 Kb8 27.
Rc5 Qd6+ 28. g3 e5 29. Qc4 Rd7 30. a4 Qd3 31. Qh4 Qg6 32. a5 a6 33. Rc4 f6 34.
Bb6 Qe8 35. Qe4 Qe6 36. Qc2 g5 37. Rc3 e4 38. Qb2 Rh7 39. g4 Qxg4 40. Qa3 Qf4+
41. Kg1 Kc8 42. Qf8+ Kd7 43. Rc5 Qd6 44. Qg8 Qd1+ 45. Kh2 Rxh3+ 46. Kxh3 Qh1+
47. Kg3 Qg1+ 48. Kh3 Qh1+ 49. Kg3 Qf3+ 50. Kh2 Qxf2+ 51. Kh1 Qf1+ 52. Kh2 Qf2+
1/2-1/2

[Event "23. Open Cappelle la Grande 2007"]
[Site "Cappelle la Grande FRA"]
[Date "2007.03.06"]
[Round "5.8"]
[White "Postny, Evgeny"]
[Black "Le Roux, Jean-Pierre"]
[Result "1-0"]
[WhiteElo "2616"]
[BlackElo "2486"]
[PlyCount "35"]
[EventDate "2007.03.03"]
[EventType "swiss"]
[EventRounds "9"]
[EventCountry "FRA"]
[Source "lmi"]
[SourceDate "2007.03.03"]

1. d4 Nf6 2. c4 e6 3. Nf3 b6 4. g3 Ba6 5. Qc2 Bb4+ 6. Bd2 Qe7 7. Bg2 O-O 8. O-O
Nc6 9. Bc1 e5 10. dxe5 Nxe5 11. Nxe5 Qxe5 12. Bf4 Qe6 13. Qa4 Ba5 14. b4 Qxc4
15. a3 Rae8 16. Rc1 Qd4 17. Nc3 Ng4 18. e3 1-0

[Event "23. Open Cappelle la Grande 2007"]
[Site "Cappelle la Grande FRA"]
[Date "2007.03.06"]
[Round "5.9"]
[White "Okhotnik, Vladimir"]
[Black "Bocharov, Dmitry"]
[Result "0-1"]
[WhiteElo "2486"]
[BlackElo "2602"]
[PlyCount "90"]
[EventDate "2007.03.03"]
[EventType "swiss"]
[EventRounds "9"]
[EventCountry "FRA"]
[Source "lmi"]
[SourceDate "2007.03.03"]

1. d4 Nf6 2. Nf3 e6 3. g3 b5 4. Bg2 Bb7 5. O-O c5 6. Bg5 Na6 7. e4 Be7 8. Bxf6
Bxf6 9. e5 Be7 10. Nc3 b4 11. Nb5 Qb6 12. a4 O-O 13. c4 cxd4 14. a5 Qc5 15.
Qxd4 Qxd4 16. Nfxd4 Bxg2 17. Kxg2 Nc5 18. a6 Nd3 19. b3 Nxe5 20. Rfd1 Bc5 21.
Nf3 Nxf3 22. Kxf3 Rfd8 23. Nd6 Bxd6 24. Rxd6 Kf8 25. Ra4 Rab8 26. c5 Ke7 27.
Rd4 Rdc8 28. Raxb4 Rxb4 29. Rxb4 Rxc5 30. Rb7 Rc6 31. Rxa7 Rc3+ 32. Ke2 Rxb3
33. Ra8 Ra3 34. a7 g5 35. g4 Kf6 36. h3 d5 37. Kd2 d4 38. f3 h6 39. h4 Ke5 40.
h5 Kf4 41. Rh8 Rxa7 42. Rxh6 Kxf3 43. Rf6+ Ke4 44. Rf2 Ra2+ 45. Ke1 Rxf2 0-1

[Event "23. Open Cappelle la Grande 2007"]
[Site "Cappelle la Grande FRA"]
[Date "2007.03.06"]
[Round "5.10"]
[White "Czakon, Jakub"]
[Black "Brodsky, Michail"]
[Result "1/2-1/2"]
[WhiteElo "2485"]
[BlackElo "2597"]
[PlyCount "30"]
[EventDate "2007.03.03"]
[EventType "swiss"]
[EventRounds "9"]
[EventCountry "FRA"]
[Source "lmi"]
[SourceDate "2007.03.03"]

1. d4 Nf6 2. c4 e6 3. Nc3 Bb4 4. Qc2 O-O 5. a3 Bxc3+ 6. Qxc3 d6 7. Nf3 Nbd7 8.
e3 b6 9. Be2 Bb7 10. O-O c5 11. b4 a5 12. dxc5 axb4 13. axb4 Ne4 14. Qb2 bxc5
15. b5 Qb6 1/2-1/2

[Event "23. Open Cappelle la Grande 2007"]
[Site "Cappelle la Grande FRA"]
[Date "2007.03.06"]
[Round "5.12"]
[White "Landa, Konstantin"]
[Black "Pruess, David"]
[Result "1-0"]
[WhiteElo "2596"]
[BlackElo "2416"]
[PlyCount "69"]
[EventDate "2007.03.03"]
[EventType "swiss"]
[EventRounds "9"]
[EventCountry "FRA"]
[Source "lmi"]
[SourceDate "2007.03.03"]

1. Nf3 d5 2. d4 c6 3. c4 e6 4. g3 Nd7 5. Bg2 Ngf6 6. O-O Be7 7. Qc2 O-O 8. Rd1
b6 9. b3 Bb7 10. Nc3 Rc8 11. e4 c5 12. exd5 exd5 13. Bf4 Re8 14. Nb5 dxc4 15.
Nxa7 Ra8 16. Nb5 cxb3 17. Qxb3 Bd5 18. Qb2 Rc8 19. Na7 Ra8 20. Nb5 Rc8 21. Ne5
Bxg2 22. Kxg2 Nd5 23. Qb3 Nxe5 24. dxe5 c4 25. Qf3 Rc5 26. Nc3 Nxf4+ 27. gxf4
Qa8 28. Rab1 Rc6 29. f5 Bc5 30. Rd5 Rcc8 31. f6 Rcd8 32. a4 Bd4 33. Qg4 g6 34.
Qxd4 Rxd5 35. Qxd5 1-0

[Event "23. Open Cappelle la Grande 2007"]
[Site "Cappelle la Grande FRA"]
[Date "2007.03.06"]
[Round "5.13"]
[White "Kryvoruchko, Yuriy"]
[Black "Cossin, Sebastien"]
[Result "1/2-1/2"]
[WhiteElo "2592"]
[BlackElo "2413"]
[PlyCount "148"]
[EventDate "2007.03.03"]
[EventType "swiss"]
[EventRounds "9"]
[EventCountry "FRA"]
[Source "lmi"]
[SourceDate "2007.03.03"]

1. e4 c5 2. Nf3 d6 3. d4 cxd4 4. Nxd4 Nf6 5. Nc3 a6 6. Be3 e5 7. Nb3 Be6 8. f4
Qc7 9. Qd2 exf4 10. Bxf4 Nbd7 11. O-O-O Ne5 12. Nd4 Be7 13. Nf5 Bxf5 14. exf5
O-O-O 15. Nd5 Nxd5 16. Qxd5 Bf6 17. Be2 Nc6 18. Bc4 Qb6 19. Bb3 Be5 20. Bxe5
Nxe5 21. Rhe1 Kb8 22. Re4 f6 23. Qd2 Rhe8 24. Rd4 Re7 25. Be6 Rc7 26. Rxd6 Rxd6
27. Qxd6 Qxd6 28. Rxd6 Ng4 29. h3 Ne3 30. Rd2 Rc5 31. g4 h5 32. Re2 Re5 33. Kd2
Nf1+ 34. Kd3 hxg4 35. Rxe5 fxe5 36. hxg4 Kc7 37. g5 Ng3 38. f6 gxf6 39. gxf6
Nh5 40. Ke4 Nxf6+ 41. Kxe5 Ne8 42. Bd5 a5 43. Kd4 b6 44. Ke5 Nd6 45. c3 Nc8 46.
Bf3 Nd6 47. Kd5 Nb7 48. Bd1 Nc5 49. Kc4 Nb7 50. Kb5 Nd6+ 51. Ka6 Nc4 52. b3 Nd2
53. Bc2 Kc6 54. Bd3 Kc5 55. Kb7 b5 56. Ka6 b4 57. Kxa5 bxc3 58. Ka4 Kd4 59. Bc2
Nf1 60. b4 Kc4 61. Bb3+ Kd4 62. Kb5 Nd2 63. Bd1 Nc4 64. a4 Na3+ 65. Kb6 c2 66.
Bxc2 Nxc2 67. b5 Kc4 68. Kc7 Kc5 69. b6 Nb4 70. Kb7 Nc6 71. Ka6 Nb4+ 72. Ka7
Nc6+ 73. Kb7 Na5+ 74. Kc7 Kb4 1/2-1/2

[Event "23. Open Cappelle la Grande 2007"]
[Site "Cappelle la Grande FRA"]
[Date "2007.03.06"]
[Round "5.14"]
[White "Gasanov, Eldar"]
[Black "Sokolov, Andrei"]
[Result "1/2-1/2"]
[WhiteElo "2477"]
[BlackElo "2585"]
[PlyCount "72"]
[EventDate "2007.03.03"]
[EventType "swiss"]
[EventRounds "9"]
[EventCountry "FRA"]
[Source "lmi"]
[SourceDate "2007.03.03"]

1. d4 Nf6 2. c4 e6 3. Nc3 Bb4 4. Qc2 c5 5. dxc5 O-O 6. a3 Bxc5 7. Nf3 b6 8. Bf4
Bb7 9. Rd1 Nc6 10. b4 Nh5 11. Bc1 Be7 12. e4 Rc8 13. Be2 a5 14. b5 Nb8 15. e5
f6 16. Ne4 Bxe4 17. Qxe4 fxe5 18. Nxe5 Nf6 19. Qd3 Qc7 20. Bb2 d6 21. Ng4 Nbd7
22. Nxf6+ Nxf6 23. Qh3 e5 24. O-O Ne4 25. Bf3 Nc5 26. Bd5+ Kh8 27. Bc1 Rf6 28.
Bg5 Rff8 29. Be3 Rf6 30. Bg5 Rff8 31. Be3 Rf6 32. f4 exf4 33. Rxf4 Rxf4 34.
Bxf4 Rf8 35. Qg3 Nd7 36. Qe3 Ne5 1/2-1/2